Nap ébreszti, nap nyugtatja
Elmentve itt :
| Szerző: | |
|---|---|
| Dokumentumtípus: | Cikk |
| Megjelent: |
1965-10-08
|
| Sorozat: | Délmagyarország
55 No. 237 |
| Kulcsszavak: | Móra Ferenc Tsz., Mezőgazdaság Szeged 1965 |
| Online Access: | http://dmarchiv.bibl.u-szeged.hu/68645 |
| LEADER | 00477nab a2200157 i 4500 | ||
|---|---|---|---|
| 001 | delm68645 | ||
| 005 | 20180927153733.0 | ||
| 008 | 180927s1965 hu o 0|| hun d | ||
| 040 | |a SZTE Délmagyarország Archívum |b hun | ||
| 041 | |a hun | ||
| 100 | 1 | |a Balogh Ödön | |
| 245 | 1 | 0 | |a Nap ébreszti, nap nyugtatja |h [elektronikus dokumentum] / |c Balogh Ödön |
| 260 | |c 1965-10-08 | ||
| 300 | |a 3 | ||
| 490 | 0 | |a Délmagyarország |v 55 No. 237 | |
| 695 | |a Móra Ferenc Tsz., Mezőgazdaság Szeged 1965 | ||